Constitución apostólica Ex corde ecclesiae de S. S. Juan Pablo II sobre las universidades católicas

সংরক্ষণ করুন:
গ্রন্থ-পঞ্জীর বিবরন
প্রধান লেখক: Juan Pablo II (autor)
বিন্যাস: গ্রন্থ
ভাষা:স্প্যানিশ
প্রকাশিত: Talca, Chile: Universidad Católica del Maule, 2009.
বিষয়গুলি:
ট্যাগগুলো: ট্যাগ যুক্ত করুন
কোনো ট্যাগ নেই, প্রথমজন হিসাবে ট্যাগ করুন!

MARC

LEADER 00000cam a2200000 a 4500
001 UCF9438
003 CL-VaPUC
005 20240418124705.0
008 131125e20090000cl |||||||||||||||||spa|d
999 |c 353881  |d 353879 
040 |c Pontificia Universidad Católica de Valparaíso 
082 0 4 |a 230.0711 JUA 2009  |2 21 
100 |a Juan Pablo II  |e autor  |9 309920 
245 1 0 |a Constitución apostólica Ex corde ecclesiae de S. S. Juan Pablo II sobre las universidades católicas 
260 |a Talca, Chile:  |b Universidad Católica del Maule,  |c 2009. 
300 |a 44 páginas.  
500 |a c.1 Donación Rectoría 2022 
583 |a last modification  |c 20131126 08:23:26  |k Rodrigo Vera 
650 0 |a Universidades católicas   |9 309230 
650 0 |a Documentos pontificios   |9 255642 
942 |c BK  |2 ddc 
945 |d 20131125 03:22:00  |a dcastane 
952 |0 0  |1 0  |2 ddc  |4 0  |6 230_071100000000000_JUA_2009  |7 0  |8 A  |9 590363  |a BIBTEO  |b BIBTEO  |c GEN  |d 2023-06-05  |e Donación   |i 5657692  |o 230.0711 JUA 2009  |p 5657692  |r 2025-01-17  |t 1  |w 2023-06-05  |y BK  |k ICR